Dopasuj państwo do stolicy - dla Kolegi Ignacego - Statystyki

Ogólne statystyki
  • Ten quiz został rozwiązany 519 razy
  • Średni wynik to 9 z 15
Statystyki odpowiedzi
Hint Odpowiedź % Poprawnych
Podgorica Czarnogóra
94%
Kiszyniów Mołdawia
91%
Prisztina Kosowo
89%
Ułan Bator Mongolia
87%
Abu Zabi Zjednoczone Emiraty Arabskie
84%
Caracas Wenezuela
78%
Hanoi Wietnam
73%
Kabul Afganistan
69%
Antanarywa Madagaskar
68%
Tegucigalpa Honduras
46%
Suva Fidżi
30%
Port Moresby Papua-Nowa Gwinea
29%
Maputo Mozambik
25%
Dżuba Sudan Południowy
24%
Port Vila Vanuatu
22%
Nie znaleziono quizów pasujących do podanych kryteriów
Rozkład punktacji
Procent ludzi z każdym wynikiem
Percentyl według liczby udzielonych odpowiedzi
Twoja historia wyników
Nie rozwiązałeś tego quizu